00910nam a22002177a 450000500170000000700150001700800410003202000230007303500100009604000090010610000210011524500690013625000220020525600240022726000360025130000280028750602700031565000280058574000380061385600410065120240305165613.0cr|||| |||| 210820s2020 ca |||||s|||| 00||0 eng d a978-1- 55221-601-9 a35192 avLex1 aMcCamus, John D.13aThe Law of Contractsh[Recurso electrónico] /cJohn D. McCamus aTercera Edición aServicio en línea aToronto:bIrwin Law Inc.,c2020 a1 recurso electrónico1 aDisponible solo en los productos indicadosdvLex GlobaldvLex Global (Academic Edition, excluding Law Schools)dvLex Global (U.S. Academic Edition, Law Schools)dvLex Global (U.S. Academic Edition, excluding Law Schools)dvLex Global (Academic Edition, Law Schools)04aDerecho CivilzCanadá0 avLex Libros (Servicio en línea) uhttps://app.vlex.com/#/sources/35192